Eficiencia de cosecha y almacenamiento de granos /
Guardado en:
| Formato: | Libro |
|---|---|
| Publicado: |
Buenos Aires :
Inta,
2003
|
| Materias: | |
| Etiquetas: |
Agregar Etiqueta
Sin Etiquetas, Sea el primero en etiquetar este registro!
|
| LEADER | 00978nam a22001815a 4500 | ||
|---|---|---|---|
| 001 | CEM.cems017780 | ||
| 005 | 20120611114759.0 | ||
| 008 | 130507s2003##################000#0#####d | ||
| 003 | CEMS | ||
| 020 | |a 9875210900 | ||
| 082 | 0 | 4 | |a 631.5 |
| 245 | 0 | 0 | |a Eficiencia de cosecha y almacenamiento de granos / |c Mario Bragachini ... [et Al.] |
| 260 | |a Buenos Aires : |b Inta, |c 2003 | ||
| 505 | 0 | |a Eficiencia en cosecha -- Eficiencia en la cosecha de soja -- Cosechadoras y daño mecánico -- Eficiencia en la cosecha de maíz -- Equipamiento ideal para cosecha de maíz -- Manejo de residuos de cosecha -- Agricultura de precisión -- Almacenamiento de granos en chacra -- Tecnología de postcosecha de granos -- Tipos de almacenamiento de granos -- Almacenamiento de granos en atmósfera normal -- Almacenamiento de granos en atmósfera modificada | |
| 653 | |a Granos | ||
| 653 | |a Granos-cosecha | ||
| 653 | |a Granos-almacenamiento | ||
| 859 | |a CEMS |b BIB. CEMS - Agricultura |h 631.5 |i Ef61 |p A1538.12 |t Ej.1 | ||
